[Event "Hastings Masters 2022/23"]
[Site "Hastings"]
[Date "2023.01.02"]
[Round "6.15"]
[White "Muir, Andrew J"]
[Black "Thompson, Ian D"]
[Result "1/2-1/2"]
[WhiteElo "2244"]
[BlackElo "2082"]
[PlyCount "93"]
[EventDate "2022.12.28"]
[EventType "swiss"]
[EventRounds "10"]
[EventCountry "ENG"]

1. d4 d5 2. c4 e6 3. Nc3 c5 4. cxd5 exd5 5. Nf3 Nc6 6. dxc5 d4 7. Na4 Bxc5 8.
Nxc5 Qa5+ 9. Bd2 Qxc5 10. Rc1 Qb6 11. e3 Nf6 12. Bc4 O-O 13. O-O Bg4 14. exd4
Rad8 15. Bc3 Bxf3 16. Qxf3 Nxd4 17. Qf4 Ne6 18. Qe5 Rc8 19. b3 Rfe8 20. Rfe1
Nc5 21. Qf5 Ncd7 22. Rcd1 Nf8 23. g3 Rc5 24. Qf3 Rcc8 25. Bxf6 gxf6 26. Bd5
Rxe1+ 27. Rxe1 Qb4 28. Re4 Rc1+ 29. Kg2 Qb5 30. Rc4 Ra1 31. a4 Qa5 32. b4 Qd8
33. Bxb7 Kg7 34. a5 Ng6 35. Rg4 Qd2 36. h4 Qe1 37. Kh3 h5 38. Re4 Qf1+ 39. Qg2
Qb5 40. Rd4 Qf5+ 41. Kh2 Ne5 42. f3 Qb1 43. Be4 Qb3 44. Kh3 Qe6+ 45. Kh2 Qb3
46. Kh3 Qe6+ 47. Kh2 1/2-1/2

[Event "Hastings Masters 2022/23"]
[Site "Hastings"]
[Date "2023.01.02"]
[Round "6.16"]
[White "Britton, Richard L"]
[Black "Latzke, Boris"]
[Result "1/2-1/2"]
[WhiteElo "2091"]
[BlackElo "2194"]
[PlyCount "57"]
[EventDate "2022.12.28"]
[EventType "swiss"]
[EventRounds "10"]
[EventCountry "ENG"]

1. e4 e5 2. Nf3 Nc6 3. Bb5 a6 4. Ba4 Nf6 5. O-O Be7 6. Re1 b5 7. Bb3 d6 8. c3
O-O 9. h3 Nb8 10. d4 Nbd7 11. Nbd2 Bb7 12. Bc2 Re8 13. Nf1 Bf8 14. Ng3 g6 15.
a4 c6 16. Be3 Bg7 17. Qc1 d5 18. Nxe5 Nxe5 19. dxe5 Nxe4 20. Nxe4 dxe4 21. Bxe4
Bxe5 22. Bf4 Qc7 23. Bxe5 Rxe5 24. Bf3 Rae8 25. Rxe5 Rxe5 26. Qd2 c5 27. Bxb7
Qxb7 28. axb5 Qxb5 29. Re1 1/2-1/2

[Event "Hastings Masters 2022/23"]
[Site "Hastings"]
[Date "2023.01.02"]
[Round "6.17"]
[White "Pousada Garcia, Daniel"]
[Black "Okhai, Shabir"]
[Result "0-1"]
[WhiteElo "1960"]
[BlackElo "2149"]
[PlyCount "100"]
[EventDate "2022.12.28"]
[EventType "swiss"]
[EventRounds "10"]
[EventCountry "ENG"]

1. e4 e5 2. Nf3 Nc6 3. Bb5 a6 4. Ba4 Nf6 5. O-O Nxe4 6. Re1 Nc5 7. Nxe5 Nxe5 8.
Rxe5+ Be7 9. Nc3 O-O 10. Bb3 d6 11. Re1 Nxb3 12. axb3 Be6 13. d3 Qd7 14. Qf3 d5
15. Bf4 Rfe8 16. Qg3 Rac8 17. Re2 h5 18. Bh6 Bf8 19. Bg5 Bg4 20. f3 Bc5+ 21.
Kh1 Bf5 22. Rae1 c6 23. h3 Rxe2 24. Nxe2 Re8 25. Bf6 Bg6 26. Be5 h4 27. Qg5 Bf2
28. Rf1 Bb6 29. Nc3 Bd8 30. Qf4 Bf5 31. Bd4 g5 32. Qd2 f6 33. Re1 Rxe1+ 34.
Qxe1 Kf7 35. f4 Bxh3 36. gxh3 Qxh3+ 37. Kg1 Qg4+ 38. Kf1 Qxf4+ 39. Qf2 Bc7 40.
Ne2 Qxf2+ 41. Bxf2 f5 42. Kg2 Kg6 43. Bc5 f4 44. Nd4 g4 45. Ne6 Bb8 46. Nf8+
Kf5 47. Be7 h3+ 48. Kh1 f3 49. Bc5 g3 50. Kg1 h2+ 0-1

[Event "Hastings Masters 2022/23"]
[Site "Hastings"]
[Date "2023.01.02"]
[Round "6.18"]
[White "Hryshchenko, Kamila"]
[Black "Wilks, Simon"]
[Result "1-0"]
[WhiteElo "2139"]
[BlackElo "2072"]
[PlyCount "61"]
[EventDate "2022.12.28"]
[EventType "swiss"]
[EventRounds "10"]
[EventCountry "ENG"]

1. e4 e6 2. f4 d5 3. e5 c5 4. Nf3 Nc6 5. c3 Nh6 6. Na3 Nf5 7. Nc2 Be7 8. Be2 h5
9. Rb1 a5 10. b3 Rb8 11. Na3 Na7 12. Nb5 Nxb5 13. Bxb5+ Bd7 14. Qe2 b6 15. Bd3
g6 16. O-O b5 17. c4 bxc4 18. bxc4 Rxb1 19. Bxb1 Bc6 20. cxd5 Qxd5 21. Bxf5
gxf5 22. Ba3 Rg8 23. Qa6 Rg4 24. Qxa5 Rxf4 25. Rb1 Rg4 26. Rb8+ Bd8 27. Qb6
Rxg2+ 28. Kh1 Rf2 29. Rxd8+ Qxd8 30. Qxc6+ Qd7 31. Qxc5 1-0

[Event "Hastings Masters 2022/23"]
[Site "Hastings"]
[Date "2023.01.02"]
[Round "6.19"]
[White "Payne, Matthew J"]
[Black "Wilson, Matthew R"]
[Result "1-0"]
[WhiteElo "2116"]
[BlackElo "1722"]
[PlyCount "81"]
[EventDate "2022.12.28"]
[EventType "swiss"]
[EventRounds "10"]
[EventCountry "ENG"]

1. e4 e5 2. Nf3 Nf6 3. d4 Nxe4 4. Bd3 d5 5. Nxe5 Nd7 6. Nc3 Nxc3 7. bxc3 Nxe5
8. dxe5 Qh4 9. O-O Bc5 10. Bb5+ c6 11. Qxd5 Bxf2+ 12. Rxf2 O-O 13. Qf3 cxb5 14.
Ba3 Be6 15. Bxf8 Rxf8 16. Qxb7 Qc4 17. Qf3 Qa4 18. Qf4 Qa5 19. Qb4 Qb6 20. a4
a6 21. Rb1 Bc4 22. Qxc4 Qxf2+ 23. Kxf2 bxc4 24. Rb6 h5 25. Ke3 Rd8 26. Rd6 Rb8
27. Rc6 Rb2 28. Kd2 Rb1 29. Rxa6 Rg1 30. Rb6 Rxg2+ 31. Kc1 Rxh2 32. a5 Rh1+ 33.
Kb2 Rd1 34. Rd6 Re1 35. Rd5 h4 36. a6 h3 37. a7 h2 38. a8=Q+ Kh7 39. Rd8 h1=Q
40. Rh8+ Kg6 41. Rxh1 1-0

[Event "Hastings Masters 2022/23"]
[Site "Hastings"]
[Date "2023.01.02"]
[Round "6.20"]
[White "Dewangan, Aayush"]
[Black "Kett, Tim"]
[Result "1/2-1/2"]
[WhiteElo "1472"]
[BlackElo "2184"]
[PlyCount "134"]
[EventDate "2022.12.28"]
[EventType "swiss"]
[EventRounds "10"]
[EventCountry "ENG"]

1. e4 c5 2. Nf3 Nc6 3. d4 cxd4 4. Nxd4 Nf6 5. Nc3 d6 6. Be3 Ng4 7. Bb5 Nxe3 8.
Nxc6 Nxd1 9. Nxd8+ Kxd8 10. Rxd1 a6 11. Ba4 e6 12. Bb3 Kc7 13. a4 b6 14. O-O
Be7 15. f4 Bd7 16. Ne2 Rhf8 17. Rd2 Bf6 18. c3 Bc6 19. Bc2 Rad8 20. Nd4 Bb7 21.
Nf3 e5 22. g3 Rfe8 23. Re1 g6 24. Ng5 exf4 25. gxf4 Bxg5 26. fxg5 Re5 27. h4
Rde8 28. Rf2 R8e7 29. Bb3 d5 30. Ref1 dxe4 31. Rxf7 e3 32. Rxe7+ Rxe7 33. Rf7
Kd6 34. Rxe7 Kxe7 35. Bg8 a5 36. Kf1 Bf3 37. Ke1 Bh5 38. Bc4 Bf3 39. Bb3 Kd6
40. Bd1 Bxd1 41. Kxd1 Kd5 42. b3 Ke5 43. Ke1 Kf4 44. Ke2 Ke4 45. b4 Kf4 46. Ke1
Ke4 47. Ke2 Kd5 48. Kxe3 Kc4 49. bxa5 bxa5 50. Kd2 Kb3 51. Kd3 Kxa4 52. Kc4 Ka3
53. Kd5 a4 54. c4 Kb4 55. c5 a3 56. c6 a2 57. c7 a1=Q 58. c8=Q Qh1+ 59. Ke5
Qxh4 60. Qb7+ Kc3 61. Qc6+ Kd2 62. Qd5+ Ke3 63. Kf6 Qf4+ 64. Kg7 Qc7+ 65. Kh6
Qh2+ 66. Kg7 Qc7+ 67. Kh6 Qh2+ 1/2-1/2

[Event "Hastings Masters 2022/23"]
[Site "Hastings"]
[Date "2023.01.02"]
[Round "6.21"]
[White "Ogunshola, Ben"]
[Black "Han, Yichen"]
[Result "0-1"]
[WhiteElo "2140"]
[BlackElo "2423"]
[PlyCount "82"]
[EventDate "2022.12.28"]
[EventType "swiss"]
[EventRounds "10"]
[EventCountry "ENG"]

1. c4 e6 2. Nf3 d5 3. g3 dxc4 4. Qa4+ Nd7 5. Bg2 a6 6. Qxc4 b5 7. Qc2 Bb7 8.
O-O Ngf6 9. Nc3 c5 10. b3 Be7 11. Bb2 Qb6 12. Rad1 Rc8 13. Qb1 O-O 14. e4 b4
15. e5 bxc3 16. exf6 c2 17. Qxc2 Bxf6 18. Bc3 Bd5 19. Bxf6 Nxf6 20. Ne5 Rfd8
21. Rfe1 Qb4 22. Re3 Bxg2 23. Kxg2 Rd5 24. Nf3 Rcd8 25. Rde1 Qb7 26. R1e2 Ng4
27. Re4 Rf5 28. Qc3 h5 29. h3 Nf6 30. Re5 Rd5 31. Rxf5 Rxf5 32. Qe3 g5 33. g4
hxg4 34. hxg4 Rf4 35. Kg3 Kg7 36. Nh2 Qb8 37. Qe5 Qxe5 38. Rxe5 Ne4+ 39. Kh3
Kf6 40. Rxe4 Rxe4 41. Nf3 e5 0-1

[Event "Hastings Masters 2022/23"]
[Site "Hastings"]
[Date "2023.01.02"]
[Round "6.22"]
[White "Ortiz Sanchez, Luis"]
[Black "Zimmermann, Klemens"]
[Result "0-1"]
[WhiteElo "1895"]
[BlackElo "2247"]
[PlyCount "124"]
[EventDate "2022.12.28"]
[EventType "swiss"]
[EventRounds "10"]
[EventCountry "ENG"]

1. e4 c5 2. c3 Nf6 3. e5 Nd5 4. Nf3 e6 5. d4 cxd4 6. cxd4 b6 7. Bd2 Be7 8. h4
Nc6 9. Nc3 Nxc3 10. Bxc3 Nb4 11. Bxb4 Bxb4+ 12. Nd2 Bb7 13. a3 Be7 14. Qg4 Bf8
15. Bd3 f5 16. Qg3 g6 17. O-O Be7 18. Nc4 Kf8 19. Qe3 Bxh4 20. Nd6 Bd5 21. Qh6+
Kg8 22. Ba6 Be7 23. Qe3 Qb8 24. Nc8 Bf8 25. Rac1 Bb7 26. Qe2 Bh6 27. Rc3 Kg7
28. Nd6 Bd5 29. Qc2 Rd8 30. b4 Bg5 31. b5 Be7 32. Rc7 Bc6 33. Rc8 Rxc8 34. Nxc8
Bxb5 35. Bxb5 Qxc8 36. Qa4 Qc3 37. Bxd7 Rd8 38. Qxa7 Qxd4 39. Bxe6 Kf8 40. Qc7
Qc5 41. Qxc5 Bxc5 42. a4 Re8 43. Bd7 Rxe5 44. Bb5 Rd5 45. Re1 f4 46. Kf1 g5 47.
Be2 Rd2 48. Ra1 Rb2 49. f3 Kg7 50. Ke1 Be3 51. Kf1 Kh6 52. Ke1 Kh5 53. Rd1 Kh4
54. Rd6 Kg3 55. Kf1 Ra2 56. Rd5 h6 57. Bb5 Rf2+ 58. Ke1 Rxg2 59. Bc6 g4 60.
fxg4 f3 61. Bb5 Rg1+ 62. Bf1 Bf2+ 0-1

[Event "Hastings Masters 2022/23"]
[Site "Hastings"]
[Date "2023.01.02"]
[Round "6.23"]
[White "Anand, Batsukh"]
[Black "Arnott, Jonathan W"]
[Result "1-0"]
[WhiteElo "2203"]
[BlackElo "2063"]
[PlyCount "127"]
[EventDate "2022.12.28"]
[EventType "swiss"]
[EventRounds "10"]
[EventCountry "ENG"]

1. d4 e6 2. c4 f5 3. g3 Nf6 4. Nc3 Be7 5. Bg2 d6 6. Nf3 O-O 7. Qc2 Nbd7 8. O-O
Qe8 9. Re1 Qh5 10. e4 fxe4 11. Nxe4 Nxe4 12. Qxe4 Nf6 13. Qe2 Ng4 14. h3 Nh6
15. Ng5 Qxe2 16. Rxe2 Bf6 17. Nxe6 Bxe6 18. Rxe6 Bxd4 19. Bxb7 Rab8 20. Bd5
Bxf2+ 21. Kg2 Kh8 22. Rb1 Bd4 23. Be3 Bxe3 24. Rxe3 Nf5 25. Ra3 Rbe8 26. Rf1 g6
27. g4 Nd4 28. Rxf8+ Rxf8 29. Rxa7 c6 30. Be4 Rb8 31. b3 Re8 32. Bd3 Re3 33.
Bf1 Rc3 34. Rf7 c5 35. Rf2 g5 36. Rd2 Kg7 37. b4 Nf3 38. Rxd6 cxb4 39. Rd5 Nh4+
40. Kf2 Rc2+ 41. Ke3 Kf6 42. Rb5 Rxa2 43. Rxb4 Ra3+ 44. Bd3 Ng2+ 45. Kd4 Nf4
46. Bxh7 Ne6+ 47. Kd5 Ra5+ 48. Kc6 Rc5+ 49. Kb6 Rc8 50. Be4 Nc5 51. Bf5 Ne6 52.
Bxe6 Kxe6 53. c5 Kd5 54. Rb5 Kc4 55. Ra5 Kd5 56. c6+ Kd6 57. c7 Rxc7 58. Rd5+
Kxd5 59. Kxc7 Ke6 60. Kc6 Ke5 61. Kd7 Kf6 62. Kd6 Kg7 63. Ke5 Kg6 64. Ke6 1-0

[Event "Hastings Masters 2022/23"]
[Site "Hastings"]
[Date "2023.01.02"]
[Round "6.24"]
[White "Byron, Alan M"]
[Black "Hng, Mei-En Emmanuelle"]
[Result "1-0"]
[WhiteElo "2175"]
[BlackElo "2057"]
[PlyCount "175"]
[EventDate "2022.12.28"]
[EventType "swiss"]
[EventRounds "10"]
[EventCountry "ENG"]

1. e4 d6 2. d4 Nf6 3. Nc3 g6 4. Be3 Bg7 5. f3 c6 6. Qd2 b5 7. a3 Qc7 8. Nh3
Nbd7 9. Nf2 Nb6 10. b3 Bb7 11. a4 a6 12. Be2 O-O 13. O-O Nfd7 14. a5 Nc8 15.
Bh6 c5 16. Bxg7 Kxg7 17. d5 Nf6 18. g4 e5 19. Ncd1 Ne7 20. Ne3 Neg8 21. Nh1
Rae8 22. Ng3 h6 23. Kg2 Bc8 24. Rh1 Ne7 25. h4 Nh7 26. Bd3 Qd8 27. Kf2 Qc7 28.
Rag1 Ng8 29. Rh2 Qd8 30. Ke2 Qc7 31. Rhg2 Qd8 32. Qe1 Kh8 33. Rh2 Qc7 34. Kd1
Bd7 35. Qc3 Rc8 36. Qa1 Qa7 37. c4 b4 38. f4 Rce8 39. g5 h5 40. f5 Ne7 41. Rf2
Qc7 42. Kd2 Rb8 43. Rfg2 Be8 44. Bc2 Ng8 45. Bd3 Ne7 46. Be2 Rb7 47. f6 Ng8 48.
Rf2 Qd8 49. Rgf1 Ra7 50. Kd3 Rb7 51. Nxh5 gxh5 52. Bxh5 Ra7 53. Bg4 Bd7 54. Bf5
Bxf5 55. Rxf5 Rb7 56. Ng4 Ra7 57. Qa4 Rc7 58. R1f2 Rc8 59. Qa1 Rb8 60. Ra2 Rb7
61. Qf1 Ra7 62. Qf3 Rb7 63. Ke3 Ra7 64. Kf2 Rb7 65. Kg2 Ra7 66. Kh1 Rb7 67. Ra1
Ra7 68. h5 Rd7 69. Rf1 Rc7 70. Kg2 Rd7 71. Qh3 Qe8 72. Qf3 Qd8 73. Kg3 Rc7 74.
g6 fxg6 75. hxg6 Nhxf6 76. Nxf6 Nxf6 77. Rxf6 Rxf6 78. Qxf6+ Qxf6 79. Rxf6 Rd7
80. Kg4 Kg8 81. Kg5 Kg7 82. Re6 Rd8 83. Re7+ Kg8 84. Rf7 Re8 85. Kf6 Kh8 86.
g7+ Kh7 87. Rf8 Rxf8+ 88. gxf8=R 1-0

[Event "Hastings Masters 2022/23"]
[Site "Hastings"]
[Date "2023.01.02"]
[Round "6.25"]
[White "Liu, Tianyi (Jack)"]
[Black "Villiers, Thomas"]
[Result "0-1"]
[WhiteElo "1892"]
[BlackElo "2141"]
[PlyCount "78"]
[EventDate "2022.12.28"]
[EventType "swiss"]
[EventRounds "10"]
[EventCountry "ENG"]

1. e4 d6 2. d4 Nf6 3. Nc3 g6 4. Be3 c6 5. f3 Qb6 6. a3 Bg7 7. Bc4 O-O 8. Bb3
Nbd7 9. Qd2 a5 10. O-O-O Qc7 11. g4 b5 12. h4 h5 13. gxh5 Nxh5 14. Nh3 b4 15.
Na4 c5 16. Nf4 cxd4 17. Nxh5 dxe3 18. Qxe3 gxh5 19. Rdg1 Ne5 20. Rg5 e6 21.
Rhg1 Ng6 22. f4 Bd7 23. f5 Bxa4 24. Bxa4 bxa3 25. Bb3 a4 26. Ba2 Rac8 27. R1g2
Qb7 28. fxg6 Qxb2+ 29. Kd1 Qa1+ 30. Qc1 Qxc1+ 31. Kxc1 Bh6 32. gxf7+ Kxf7 33.
Kd2 Rc5 34. Kd3 Bxg5 35. hxg5 Rg8 36. Rf2+ Ke7 37. Rf6 Re5 38. Rh6 Rgxg5 39.
Rh7+ Kf6 0-1

[Event "Hastings Masters 2022/23"]
[Site "Hastings"]
[Date "2023.01.02"]
[Round "6.26"]
[White "Eames, Robert S"]
[Black "Norinkeviciute, Rasa"]
[Result "1-0"]
[WhiteElo "2136"]
[BlackElo "1969"]
[PlyCount "61"]
[EventDate "2022.12.28"]
[EventType "swiss"]
[EventRounds "10"]
[EventCountry "ENG"]

1. e4 c5 2. b4 cxb4 3. a3 d5 4. exd5 Nf6 5. axb4 Nxd5 6. b5 e5 7. Bb2 Nd7 8.
Bc4 N5f6 9. Nf3 Bd6 10. O-O O-O 11. d3 h6 12. Re1 Re8 13. Nbd2 Qc7 14. Ra2 b6
15. h3 Bb7 16. Nh4 Qc8 17. Re3 Bb8 18. Qe2 a5 19. Ra1 Nd5 20. Rg3 N7f6 21. Re1
Bc7 22. Ne4 Nxe4 23. Qxe4 Qd8 24. Nf5 g6 25. Nxh6+ Kg7 26. Nxf7 Kxf7 27. Qxg6+
Ke7 28. Ba3+ Kd7 29. Qf5+ Re6 30. Rg7+ Kc8 31. Qxe6+ 1-0

[Event "Hastings Masters 2022/23"]
[Site "Hastings"]
[Date "2023.01.02"]
[Round "6.27"]
[White "Flynn, David"]
[Black "Waldhausen Gordon, Frederick"]
[Result "0-1"]
[WhiteElo "1872"]
[BlackElo "2069"]
[PlyCount "54"]
[EventDate "2022.12.28"]
[EventType "swiss"]
[EventRounds "10"]
[EventCountry "ENG"]

1. e4 c5 2. Nc3 g6 3. d4 cxd4 4. Qxd4 Nf6 5. Nf3 Nc6 6. Qa4 d6 7. e5 dxe5 8.
Nxe5 Bg7 9. Bb5 O-O 10. Nxc6 bxc6 11. Bxc6 Bd7 12. Bxd7 Qxd7 13. Qxd7 Nxd7 14.
Ne4 Rfc8 15. c3 f5 16. Nd2 e5 17. Ke2 a5 18. Rd1 Nb6 19. a4 Rab8 20. Nb3 Nc4
21. Nxa5 Nxa5 22. b4 Nb3 23. Bd2 Nxa1 24. Rxa1 e4 25. Ra3 Kf7 26. Kd1 Ke6 27.
Kc2 Rxb4 0-1

[Event "Hastings Masters 2022/23"]
[Site "Hastings"]
[Date "2023.01.02"]
[Round "6.28"]
[White "Royset, Pal"]
[Black "Southcott-Moyers, Indy"]
[Result "1-0"]
[WhiteElo "2058"]
[BlackElo "1870"]
[PlyCount "81"]
[EventDate "2022.12.28"]
[EventType "swiss"]
[EventRounds "10"]
[EventCountry "ENG"]

1. e4 e5 2. Bc4 Nf6 3. d3 Bc5 4. Nf3 d6 5. O-O Nc6 6. c3 h6 7. Bb3 O-O 8. Re1
a6 9. Nbd2 Ba7 10. Nf1 Re8 11. Ng3 Na5 12. Bc2 Nc6 13. h3 d5 14. exd5 Qxd5 15.
Nh4 Qd8 16. Qf3 Ng4 17. hxg4 Qxh4 18. Re4 Qe7 19. d4 Be6 20. Nf5 Bxf5 21. gxf5
Qf6 22. Qe2 Qxf5 23. Bxh6 Qf6 24. Bf4 Bxd4 25. Rd1 Bc5 26. Rd5 Bd6 27. Bg3 Re6
28. Bb3 Ree8 29. Qh5 Qh6 30. Qf3 Re6 31. Rh4 Rf6 32. Qg4 Qc1+ 33. Rd1 Qxb2 34.
Qh5 Kf8 35. Rxd6 cxd6 36. Qh8+ Ke7 37. Qxa8 Qc1+ 38. Kh2 Nd8 39. Qc8 Rh6 40.
Qg4 g6 41. Bf4 1-0

[Event "Hastings Masters 2022/23"]
[Site "Hastings"]
[Date "2023.01.02"]
[Round "6.29"]
[White "Franco, Gaston"]
[Black "Gorgun, Aliriza Atif"]
[Result "1-0"]
[WhiteElo "2051"]
[BlackElo "1850"]
[PlyCount "101"]
[EventDate "2022.12.28"]
[EventType "swiss"]
[EventRounds "10"]
[EventCountry "ENG"]

1. e4 c5 2. Nf3 d6 3. d4 cxd4 4. Nxd4 Nf6 5. Nc3 Nc6 6. Bc4 Qb6 7. Nb3 e6 8.
O-O Be7 9. Bg5 Ne5 10. Be2 a6 11. a4 Qc7 12. a5 b5 13. axb6 Qxb6 14. Be3 Qc7
15. f4 Nc4 16. Bxc4 Qxc4 17. e5 dxe5 18. fxe5 Nd5 19. Nxd5 Qxd5 20. Qxd5 exd5
21. Bc5 Be6 22. Ra5 Bd8 23. Ra3 Bc7 24. Re1 Bf5 25. c3 Be4 26. Bd4 a5 27. Nc5
Bf5 28. b4 O-O 29. Rea1 Rfe8 30. bxa5 Bxe5 31. Bxe5 Rxe5 32. a6 Ra7 33. Rb3 Re8
34. Rb7 Rea8 35. Kf2 Kf8 36. Ke3 Bc8 37. Rxa7 Rxa7 38. Kd4 Ke7 39. Kxd5 Bd7 40.
c4 f5 41. Nb7 Be6+ 42. Kc5 f4 43. Kb6 Ra8 44. Na5 Bc8 45. a7 g5 46. c5 Kf6 47.
Nc4 Be6 48. Kb7 Bd5+ 49. c6 Bxg2 50. Kxa8 Bxc6+ 51. Kb8 1-0

[Event "Hastings Masters 2022/23"]
[Site "Hastings"]
[Date "2023.01.02"]
[Round "6.30"]
[White "Dette, Jan"]
[Black "Miller, George"]
[Result "1-0"]
[WhiteElo "2037"]
[BlackElo "1808"]
[PlyCount "51"]
[EventDate "2022.12.28"]
[EventType "swiss"]
[EventRounds "10"]
[EventCountry "ENG"]

1. d4 d5 2. c4 e6 3. Nc3 c5 4. cxd5 exd5 5. dxc5 d4 6. Na4 b5 7. cxb6 axb6 8.
e3 Bd7 9. b3 b5 10. Nb2 Bb4+ 11. Bd2 dxe3 12. fxe3 Bxd2+ 13. Qxd2 Nf6 14. Nf3
O-O 15. Bd3 Re8 16. O-O Qb6 17. Nd4 Na6 18. a4 Nc7 19. axb5 Rxa1 20. Rxa1 Ng4
21. Nc4 Qh6 22. h3 Nf6 23. b6 Ncd5 24. b7 Nc7 25. Qa5 Rxe3 26. Qxc7 1-0

[Event "Hastings Masters 2022/23"]
[Site "Hastings"]
[Date "2023.01.02"]
[Round "6.31"]
[White "White, Stuart A"]
[Black "Kumar, Soham"]
[Result "1/2-1/2"]
[WhiteElo "2021"]
[BlackElo "1844"]
[PlyCount "84"]
[EventDate "2022.12.28"]
[EventType "swiss"]
[EventRounds "10"]
[EventCountry "ENG"]

1. d4 Nf6 2. c4 c5 3. d5 b5 4. cxb5 a6 5. bxa6 Bxa6 6. Nc3 d6 7. e4 Bxf1 8.
Kxf1 g6 9. g3 Nbd7 10. Nf3 Bg7 11. Kg2 O-O 12. a4 Qb6 13. Qe2 Rfc8 14. Nb5 c4
15. Be3 Qa6 16. Bd4 e5 17. dxe6 fxe6 18. e5 dxe5 19. Nxe5 Nxe5 20. Bxe5 Qc6+
21. f3 Rf8 22. Bc3 Kh8 23. Rhd1 e5 24. Rd6 Qb7 25. Qxc4 e4 26. fxe4 Nxe4 27.
Bxg7+ Kxg7 28. Qd4+ Kh6 29. Rd7 Qc6 30. Kg1 Rxa4 31. Qxa4 Qxd7 32. Qxe4 Qxb5
33. Qe3+ g5 34. h4 Rf6 35. Qxg5+ Qxg5 36. hxg5+ Kxg5 37. Kg2 Rb6 38. Ra5+ Kg6
39. Ra2 h5 40. Kh3 Rb3 41. Ra6+ Kg5 42. Ra5+ Kg6 1/2-1/2

[Event "Hastings Masters 2022/23"]
[Site "Hastings"]
[Date "2023.01.02"]
[Round "6.32"]
[White "Sugden, John N"]
[Black "Jerome, Stellio"]
[Result "1-0"]
[WhiteElo "1997"]
[BlackElo "1501"]
[PlyCount "45"]
[EventDate "2022.12.28"]
[EventType "swiss"]
[EventRounds "10"]
[EventCountry "ENG"]

1. d4 h6 2. e4 g5 3. Nc3 Bg7 4. Bc4 e6 5. Nge2 Nc6 6. Be3 Nge7 7. Ng3 Rg8 8.
Qd2 Na5 9. Be2 d5 10. O-O-O Nac6 11. f4 dxe4 12. fxg5 Nd5 13. gxh6 Nxe3 14.
Qxe3 Bf6 15. Qxe4 Bg5+ 16. Kb1 Qf6 17. d5 Ne7 18. h7 Rh8 19. Rhf1 Qg6 20. dxe6
Qxe6 21. Qd4 Ng6 22. Bc4 Qd6 23. Bxf7+ 1-0

[Event "Hastings Masters 2022/23"]
[Site "Hastings"]
[Date "2023.01.02"]
[Round "6.33"]
[White "Ruane, Brendan J"]
[Black "Chan, Sheng Liang Bernard"]
[Result "1-0"]
[WhiteElo "1804"]
[BlackElo "1986"]
[PlyCount "121"]
[EventDate "2022.12.28"]
[EventType "swiss"]
[EventRounds "10"]
[EventCountry "ENG"]

1. e4 c5 2. Be2 Nc6 3. d3 g6 4. f4 Bg7 5. Nf3 e6 6. O-O Nge7 7. Qe1 d5 8. e5
O-O 9. c4 f6 10. Bd1 fxe5 11. Nxe5 dxc4 12. Nxc6 Nxc6 13. dxc4 Qd4+ 14. Kh1 Nb4
15. Nc3 Qxc4 16. Be3 Nd3 17. Bb3 Qb4 18. Qe2 c4 19. Bc2 Qxb2 20. Bxd3 Bxc3 21.
Bc2 Bd7 22. Rab1 Qxa2 23. Rxb7 Ba4 24. Rc1 Bb3 25. Bd2 Bg7 26. Bxb3 cxb3 27.
Qxe6+ Kh8 28. Rxg7 Rac8 29. Qe5 Rxc1+ 30. Bxc1 Rf5 31. Qb2 Qxb2 32. Bxb2 h5 33.
Rxa7+ Kg8 34. Rg7+ Kf8 35. Rxg6 Rxf4 36. Kg1 Re4 37. Kf2 Rc4 38. Re6 Kf7 39.
Re3 Rb4 40. Ke2 Kg6 41. Kd2 Kf5 42. Kc3 Rb8 43. Kc4 Rg8 44. g3 h4 45. Re5+ Kg6
46. gxh4 Rf8 47. Rg5+ Kh7 48. Kxb3 Rf3+ 49. Kc4 Rh3 50. Rg4 Rxh2 51. Bf6 Kh6
52. Kd5 Kh5 53. Rg1 Re2 54. Rg5+ Kh6 55. Re5 Ra2 56. Ke6 Kg6 57. Rg5+ Kh6 58.
Kf7 Ra7+ 59. Be7 Rb7 60. Re5 Ra7 61. Kg8 1-0

[Event "Hastings Masters 2022/23"]
[Site "Hastings"]
[Date "2023.01.02"]
[Round "6.34"]
[White "Damodaran, Patrick"]
[Black "Jacobs, Robert"]
[Result "1/2-1/2"]
[WhiteElo "1701"]
[BlackElo "1905"]
[PlyCount "154"]
[EventDate "2022.12.28"]
[EventType "swiss"]
[EventRounds "10"]
[EventCountry "ENG"]

1. e4 c5 2. Nf3 Nc6 3. d4 cxd4 4. Nxd4 g6 5. Nc3 Bg7 6. Be3 Nf6 7. f3 O-O 8.
Bc4 Qb6 9. Qd2 Nxe4 10. fxe4 Bxd4 11. Bxd4 Qxd4 12. Qxd4 Nxd4 13. O-O-O Nc6 14.
Nd5 d6 15. Bb5 Bg4 16. Bxc6 Bxd1 17. Rxd1 bxc6 18. Nxe7+ Kg7 19. Nxc6 Rfe8 20.
Rd4 a6 21. Kd2 Rac8 22. Na5 Rc5 23. Nb7 Rg5 24. g3 Rb8 25. Nxd6 Rxb2 26. a3 Ra2
27. Nc4 Rh5 28. h4 Rc5 29. Kc3 Rc6 30. Kb3 Ra1 31. Rd3 Rb1+ 32. Ka2 Re1 33. Ne3
Re6 34. Nd5 R1xe4 35. Kb3 Rc6 36. c3 Rc5 37. a4 a5 38. Nb6 Rc6 39. Nd5 Rc8 40.
Rd1 Rb8+ 41. Ka3 Re2 42. c4 Rc2 43. Rd4 Rc1 44. Ka2 Rc2+ 45. Ka3 Rb1 46. g4 h6
47. g5 h5 48. Nf6 Rf1 49. Kb3 Rg2 50. c5 Rb1+ 51. Kc4 Rb4+ 52. Kd5 Rxd4+ 53.
Kxd4 Kf8 54. Kc4 Ke7 55. Kb5 Rc2 56. Ne4 Kd7 57. Nd6 Rb2+ 58. Kxa5 Kc6 59. Nxf7
Kxc5 60. Ne5 Rb7 61. Ka6 Rg7 62. a5 Kd5 63. Nd3 Kc6 64. Ne5+ Kc5 65. Nd3+ Kd4
66. Nf4 Ke5 67. Nd3+ Kd4 68. Nf4 Ke4 69. Ne6 Re7 70. Nf8 Kf5 71. Kb6 Rf7 72.
Nxg6 Kxg6 73. a6 Rf1 74. a7 Ra1 75. Kb7 Rb1+ 76. Kc7 Rc1+ 77. Kb7 Rb1+ 1/2-1/2

[Event "Hastings Masters 2022/23"]
[Site "Hastings"]
[Date "2023.01.02"]
[Round "6.35"]
[White "Banerjee, Supratit"]
[Black "Li, Ethan"]
[Result "1/2-1/2"]
[WhiteElo "1541"]
[BlackElo "1889"]
[PlyCount "91"]
[EventDate "2022.12.28"]
[EventType "swiss"]
[EventRounds "10"]
[EventCountry "ENG"]

1. e4 c5 2. c3 d5 3. exd5 Qxd5 4. d4 Nf6 5. Nf3 Bg4 6. Be2 e6 7. Be3 cxd4 8.
cxd4 Nc6 9. Nc3 Qd6 10. O-O Be7 11. h3 Bh5 12. Rc1 O-O 13. a3 Rac8 14. Qd2 Nd5
15. Rfd1 Rfd8 16. b4 Bf8 17. Kh1 Nxc3 18. Rxc3 Ne7 19. Rdc1 Rxc3 20. Qxc3 Rc8
21. Qd2 Rxc1+ 22. Qxc1 Nd5 23. Kg1 Qb6 24. g4 Bg6 25. Ne5 Be4 26. Nc4 Qc7 27.
Qd2 b6 28. Bf1 Be7 29. Ne5 Bd6 30. f3 Bg6 31. Nc4 Bg3 32. a4 Bf4 33. Bxf4 Nxf4
34. Ne5 Nd5 35. Bc4 f6 36. Bxd5 exd5 37. Nxg6 hxg6 38. Kg2 g5 39. Qe2 Kf7 40.
Qb5 Qc2+ 41. Kg3 Qc4 42. Qd7+ Kg6 43. Qe8+ Kh7 44. Qh5+ Kg8 45. Qe8+ Kh7 46.
Qh5+ 1/2-1/2

[Event "Hastings Masters 2022/23"]
[Site "Hastings"]
[Date "2023.01.02"]
[Round "6.36"]
[White "Hutchinson, Paul A"]
[Black "Howell, Oliver W"]
[Result "1-0"]
[WhiteElo "2135"]
[BlackElo "1804"]
[PlyCount "83"]
[EventDate "2022.12.28"]
[EventType "swiss"]
[EventRounds "10"]
[EventCountry "ENG"]

1. d4 d5 2. Bf4 Nf6 3. e3 Bf5 4. Nf3 e6 5. Nbd2 Bd6 6. Ne5 O-O 7. h3 c5 8. c3
Nc6 9. g4 Be4 10. f3 Bg6 11. h4 h5 12. g5 Bxe5 13. Bxe5 Nxe5 14. gxf6 cxd4 15.
exd4 Nc6 16. fxg7 Kxg7 17. f4 Qf6 18. Qf3 Rab8 19. a4 a6 20. Qe3 b5 21. b4 Rfc8
22. a5 Rc7 23. Nb3 Ne7 24. Nc5 Nf5 25. Qe5 Qxe5+ 26. fxe5 Rc6 27. Kf2 Ra8 28.
Bd3 Nh6 29. Ke2 Bxd3+ 30. Kxd3 f5 31. exf6+ Kxf6 32. Rhf1+ Nf5 33. Rae1 Rg8 34.
Re5 Rg3+ 35. Kc2 Rg2+ 36. Kb3 Rg4 37. Nxe6 Rxe6 38. Rfxf5+ Kg6 39. Rxh5 Rc6 40.
Rhg5+ Rxg5 41. Rxg5+ Kf6 42. Rxd5 1-0

[Event "Hastings Masters 2022/23"]
[Site "Hastings"]
[Date "2023.01.02"]
[Round "6.37"]
[White "Faulks, Nick"]
[Black "Marusenko, Petr"]
[Result "0-1"]
[WhiteElo "1802"]
[BlackElo "2041"]
[PlyCount "58"]
[EventDate "2022.12.28"]
[EventType "swiss"]
[EventRounds "10"]
[EventCountry "ENG"]

1. c4 c6 2. e4 d5 3. exd5 cxd5 4. cxd5 Nf6 5. Bb5+ Nbd7 6. Nc3 a6 7. Be2 Nb6 8.
Nf3 Nbxd5 9. O-O e6 10. d4 Be7 11. Bg5 b5 12. Rc1 Bb7 13. Ne5 Rc8 14. Bf3 O-O
15. Re1 Nxc3 16. Rxc3 Rxc3 17. bxc3 Nd5 18. Bxe7 Qxe7 19. Qd2 Rc8 20. Bg4 Nxc3
21. Nxf7 Ne4 22. Nh6+ gxh6 23. Qxh6 Rf8 24. Bxe6+ Kh8 25. d5 Nf6 26. Qd2 Qd6
27. Rd1 Bc8 28. Qe2 Re8 29. Qf3 Qe5 0-1